| 000 | 00887nam a22002537a 4500 | ||
|---|---|---|---|
| 999 |
_c11441 _d11441 |
||
| 003 | AR-CdUCM | ||
| 008 | 190404b ||||| |||| 00| 0 spa d | ||
| 040 |
_aMUNICIPALIDAD PROVINCIAL DEL CUSCO _cBIBLIOTECA MUNICIPAL DEL CUSCO |
||
| 041 | _hita | ||
| 082 |
_a787.1 / _bP284 / 1952 |
||
| 100 |
_aPascuali, Giulio _928803 |
||
| 245 |
_aEl violín : _bManual de cultura y didáctica violinista / |
||
| 260 |
_aBuenos Aires : _bRicardi Americana, _c1952. |
||
| 300 |
_a313 páginas ; _bPentagrama, _c23 cm. |
||
| 505 | _aContenido: El violín -- Violeria -- El violín y los violinistas -- Viola y violinistas -- Pedagogía ... | ||
| 650 |
_aMusica _91443 |
||
| 650 |
_aViolín _928804 |
||
| 650 |
_aMúsica Italiana _928805 |
||
| 650 |
_aArte Musical _928806 |
||
| 700 |
_aPrincipe, Remy _928807 |
||
| 700 |
_aPelaia Emilio (traductor) _928808 |
||
| 942 |
_2ddc _cLIBROS |
||
| 945 | _acmm | ||